Normal view
MARC view
- Thomson, Geroge
Entry Personal Name
001 - CONTROL NUMBER
- control field: 76896
003 - CONTROL NUMBER IDENTIFIER
- control field: OSt
005 - DATE AND TIME OF LATEST TRANSACTION
- control field: 20220806113235.0
008 - FIXED-LENGTH DATA ELEMENTS
- fixed length control field: 220806|| aca||aabn | a|a d
040 ## - CATALOGING SOURCE
- Original cataloging agency: OSt
- Transcribing agency: OSt
100 ## - HEADING--PERSONAL NAME
- Personal name: Thomson, Geroge
670 ## - SOURCE DATA FOUND
- Source citation: Work cat.: (OSt)42692: Thomson, Geroge, Human Essece: The Sources of Science and Art, 2014